Normal view
MARC view
Entry Geographic Name
001 - CONTROL NUMBER
- control field: 969302
003 - CONTROL NUMBER IDENTIFIER
- control field:
005 - DATE AND TIME OF LATEST TRANSACTION
- control field: 20210627112105.0
008 - FIXED-LENGTH DATA ELEMENTS
- fixed length control field: 210627|| aca||aabn | a|a d
040 ## - CATALOGING SOURCE
- Original cataloging agency:
- Transcribing agency:
151 ## - HEADING--GEOGRAPHIC NAME
- Geographic name: Hampi (India)
- Form subdivision: Guidebooks
670 ## - SOURCE DATA FOUND
- Source citation: Work cat.: ()851780: India Ministry of Transport Tourist Traffic Branch 969301, Guide to Hampi /, 1956
